Artículos
Na minha lista:
| Autor principal: | |
|---|---|
| Formato: | Livro |
| Idioma: | espanhol |
| Publicado em: |
Ciudad de México
Porrua
1975
|
| Edição: | 2a. ed |
| coleção: | Colección sepan cuantos, 93
|
| Assuntos: | |
| Tags: |
Adicionar Tag
Sem tags, seja o primeiro a adicionar uma tag!
|
MARC
| LEADER | 00000nam a2200000 a 4500 | ||
|---|---|---|---|
| 001 | UCY2226 | ||
| 003 | CL-VaPUC | ||
| 005 | 20210315180447.0 | ||
| 008 | 941017e19750000MX |||||||||||||||||spa|d | ||
| 999 | |c 230691 |d 230689 | ||
| 040 | |c Pontificia Universidad Católica de Valparaíso | ||
| 082 | 0 | 4 | |a 868 |b LAR |2 21 |
| 100 | |a Larra, Mariano José de |e author |9 321319 | ||
| 245 | 1 | 0 | |a Artículos |
| 250 | |a 2a. ed | ||
| 260 | |a Ciudad de México |b Porrua |c 1975 | ||
| 300 | |a 463 p | ||
| 490 | 0 | |a Colección sepan cuantos, 93 | |
| 583 | |a last modification |c 19941017 00:00:00 |k Rodrigo Vera | ||
| 650 | 7 | |a COLECCIONES DE ESCRITOS |2 CL-VaPUC |9 258877 | |
| 650 | 7 | |a SATIRA POLITICA |2 CL-VaPUC |9 330270 | |
| 650 | 0 | |a Crítica e interpretación |9 255042 | |
| 852 | |a BIBCUR | ||
| 942 | |c BK |2 ddc | ||
| 945 | |d 19941017 00:00:00 |a mfernand | ||
| 952 | |0 0 |1 0 |4 0 |6 868_000000000000000_LAR_1975 |7 0 |8 P |9 233165 |a BIBARQ |b BIBARQ |d 2019-11-15 |i 3027406 |o 868 LAR 1975 |p 3027406 |r 2025-01-20 |w 2019-11-15 |y BK |k ARQ | ||